Регионална библиотека "Любен Каравелов" - Русе

[Хиляда и петстотин] 1500 английски думи за 10 дни (Запис номер 66011)

MARC детайли
000 -Лидер
Контролно поле с фиксирана дължина 01155nam a2200325 c 4500
003 - Код на организацията, давaща контролен номер
Контролно поле BLK
005 - Дата и час на последна редакция
Контролно поле 20231128111932.0
008 - Елементи от данни с фиксирана дължина
fixed length control field 180408b bul|||||r ||||||| ||bul||
010 ## - Наследен системен номер
LC control number KNG00070297000
020 ## - Международен стандартен номер на книга ISBN
Международен стандартен номер на книга ISBN 978-954-685-430-8
-- издат.: СофтПрес
040 ## - Източник на каталожния запис
Идентификатор на билиотеката - собственик на записа BLK
041 ## - Код за език
Код за езика на текст/звукозапис или на отделно заглавие Български
Код за езика КДБФ Български
Други езици Английски
080 ## - УДК
Текстов определител УДК Английски език
УДК код - определител по УДК 811.111
УДК определител -3(075.4)
УДК - код + определител 811.111-3(075.4)
139 ## - Редно поле
Редна дума [Хиляда и петстотин] 1500 английски думи за 10 дни
Авторски знак Хил - Х 49
245 10 - Сведения за заглавието
Заглавие [Хиляда и петстотин] 1500 английски думи за 10 дни
257 ## - Страна на издаване
Страна на създаване/издаване България
260 ## - Област на издателските данни
-- София
Име на издателя, разпространителя и проч. СофтПрес
Година на издаване 2007
300 ## - Физическа характеристика
Страници 144 с.
Размери/Мащаб 23 см
Съпровождащи материали CD
380 ## - Жанр
Жанр Езикознание. Филология
500 ## - Общи забележки
Забележка CD със сигн. CD 1103, Ч3 802.0/Х 49
650 #4 - Допълнително описание по предмет – тема
Основно описание – тема или топоним Английски език - лексика - учебни помагала
9 (RLIN) 274453
653 ## - Ключова дума – ненормативна
Ключова дума английски език
653 ## - Ключова дума – ненормативна
Ключова дума лексика
852 ## - Местоположение
Форматна сигнатура Цб 230623
856 4# - Електронен адрес и достъп
Електронен формат pdf - файл
Път до файла /url/
856 4# - Електронен адрес и достъп
Електронен формат pdf - файл
Път до файла /url/
942 ## - АРТИКУЛИ
Вид на библиотечния материал Книги
Скрит в OPAC Не
Koha issues (borrowed), all copies 2
944 ## - СЪЗДАВАНЕ И РЕДАКЦИЯ на ЗАПИСА
Създаване/Редакция Създаване
Дата на регистрацията/редакция 28.12.2006
Служител, извършил регистрацията/редакцията 30556
Статус, дата на статуса Теодора Пейчева-Дянкова
944 ## - СЪЗДАВАНЕ И РЕДАКЦИЯ на ЗАПИСА
Създаване/Редакция Редакция
Дата на регистрацията/редакция 09.01.2007
Служител, извършил регистрацията/редакцията
999 ## - СИСТЕМНИ КОНТРОЛНИ НОМЕРА
Koha biblionumber 66011
Koha biblioitemnumber 66011
Наличности
Код за отписване Код за изгубен артикул Източник на класификационната схема Код за повреда Коз за рестрикции Код за отдаване Артикулен № Име на библиотеката - собственик Име на библиотеката, в която се намира в момента Статус (Текущо местоположение) Дата на вписване в системата Местоположение - отдел Цена в лева Инвентарен номер Систематично азбучна сигнатура Баркод Номер на екземпляра Цена в евро Служебна бележка Служебен тип на артикула
  Не е изгубен Universal Decimal Classification Не е повреден без рестрикции заемане за дома 109078 Регионална библиотека "Любен Каравелов" Русе Регионална библиотека "Любен Каравелов" Русе ЧЧЗО - англ. ез. - Британски съвет 2006-12-28 ЧЧЗО - англ. ез. - Британски съвет 5.00 120000708037 Ч3 802.0-3/Х 49 120000708037 1 2.56 Дост: Pk Вид: Ф N: 47857 Дата: 21.12.2006 Дата инв: 18.03.2015 Бележки инв: Ч32015 Книги
Vip Innovations Ltd, Rousse, Bulgaria 2025